International labour documentation

Uložené v:
Podrobná bibliografia
Médium: Seriál
Jazyk:English
Vydavateľské údaje: Geneva International Labour Office 2001
Tagy: Pridať tag
Žiadne tagy, Buďte prvý, kto otaguje tento záznam!

MARC

LEADER 00000nas2a2200000 4500
001 0007637
005 20230316092351.6
041 0 |a eng 
044 |a CH 
245 1 0 |a International labour documentation 
264 1 |a Geneva  |b International Labour Office  |c 2001 
300 |a 1 zv. 
500 |a chýba. č. 5 
773 0 |w eu_un_cat*s120797